000 00284nam a2200133Ia 4500
100 _aWise/ H.H/ Weiss/ J.
650 _aGeneral
942 _cBK
654 _aLeaving Places
245 _aLeaving Places
260 _bQuick fox
_aNew York
_c1976
082 _a747
546 _aENGLISH
999 _c31294
_d31294